000 00828nam a2200229 a 4500
001 35940
003 BD-RjUL
005 20211209052415.0
008 140612s1965 lau 001 0 eng d
035 _a(BD-RjUL)36037
040 _aNUN
_beng
_cNUN
_dVSC
_dBD-RjUL
041 _aeng
082 0 4 _a320.40973
_220
_bGWM 1965
100 1 _aGwyn, William Brent.
_9109404
245 1 4 _aThe meaning of the separation of powers :
_ban analysis of the doctrine from its origin to the adoption of the United States Constitution /
_cby W. B. Gwyn.
260 _aNew Orleans :
_bTulane University,
_c1965.
300 _avii, 159 p. ;
_c23 cm.
504 _aBibliography: p. [142]-153. and Index
650 0 _aSeparation of powers
_zUnited States.
_9109406
942 _2ddc
_cBK
999 _c35940
_d35940